ぷちます!ぷちどる - Statistics

General Stats
  • This quiz has been taken 18 times
  • The average score is 10 of 14
Answer Stats
似ているアイドル ぷちどる % Correct
萩原雪歩 ゆきぽ
100%
高槻やよい やよ
94%
天海春香 はるかさん
88%
水瀬伊織 いお
88%
菊地真 まこちー
81%
如月千早 ちひゃー
81%
星井美希 あふぅ
75%
我那覇響 ちびき
75%
音無小鳥 ぴよぴよ
69%
四条貴音 たかにゃ
63%
双海亜美 こあみ
56%
双海真美 こまみ
56%
三浦あずさ みうらさん
44%
秋月律子 ちっちゃん
38%
No matching quizzes found
Score Distribution
Percent of People with Each Score
Percentile by Number Answered
Your Score History
You have not taken this quiz